| 000 | 00900nam a2200217Ia 4500 | ||
|---|---|---|---|
| 999 |
_c55985 _d55985 |
||
| 001 | 23084 | ||
| 003 | GE_BSU | ||
| 005 | 20230707174853.0 | ||
| 008 | 181216s1964||||ge |||||||||||||| ||geo|| | ||
| 040 | _cGE_BSU | ||
| 041 | _ageo | ||
| 080 | _a821.112.2-94 ფ-87 | ||
| 100 |
_aფრანკი, ანა _919208 |
||
| 245 |
_aანა ფრანკის დღიური, 1942-1944 წლები / _cანა ფრანკი ; გერმ. თარგმ. და წინასიტყვ. დაურთო ნ. ამაშუკელმა. |
||
| 264 |
_aთბილისი : _bსაბჭ. საქართველო, _c1964. |
||
| 300 |
_a286 გვ. : _b2ფ. ილ. და პორტრ. ; _c21 სმ. |
||
| 541 | _h1 ლ. 66 თ. | ||
| 653 | _aანა ფრანკის დღიური | ||
| 653 | _a1942-1944 წლები | ||
| 942 |
_cBK _2udc |
||